02796cam a22003375a 45000010009000000050017000090080041000260100017000670200027000840200030001110400028001410420008001690820017001772450094001942500012002882600056003003000030003565000024003865040041004105051174004515200423016256500040020486500058020886500049021466510010021956530021022057000026022269420021022529990017022739520168022901796676320160728091712.0131209s2014 enk frb 001 0 eng d a 2013048896 a1107698839 (paperback) a9781107698833 (paperback) aDLCbengcDLCdEG-ScBUE apcc04a345bINT22203aAn introduction to international criminal law and procedure /cRobert Cryer ... [et al.]. a3rd ed. aCambridge : bCambridge University Press, cc.2014. alxxxvii, 616 p. ;c26 cm. aIndex : p. 596-616. aIncludes bibliographical references.0 aIntroduction : What is international criminal law? -- The aims, objectives and justification of international criminal law -- Jurisdiction -- National prosecutions of international crimes -- State cooperation with respect to national proceedings -- International Prosecution : The history of international criminal prosecutions : Nuremberg and Tokyo -- The ad hoc international criminal tribunals -- The International Criminal Court -- Other courts with international elements --Substative Law of International Crimes : Genocide -- Crimes against humanity -- War crimes -- Aggression -- Transnational crimes, terrorism and torture -- General principles of liability -- Defences/grounds for excluding criminal responsibility --Principles and Procedures of International Prosecutions : Procedures of international criminal investigations and prosecutions -- Victims in the international criminal process -- Sentencing and penalties -- Relationship between National and International Systems : State cooperation with the International Courts and Tribunals -- Immunities -- Alternatives and complements to criminal prosecution -- The future of international criminal law. a "By offering both a comprehensive update and new material reflecting the continuing development of the subject, this continues to be the leading textbook on international criminal law. Its experienced author team draws on its combined expertise as teachers, scholars and practitioners to offer an authoritative survey of the field. The third edition contains new material on the theory of international criminal law," 7aInternational crimes.2BUEsh940472 7aCriminal procedure (International law).2BUEsh934998 7aInternational criminal courts.2BUEsh913941 2BUEsh bLLAAWWcJuly20161 aCryer, Robert,940487 2ddce22k345 INT c22040d22012 00102ddc40708BaccahaMAINbMAINc1STd2016-07-26ePurchaseg1026.00h26080l6m18o345 INTp000032961q2020-03-19r2020-02-27 00:00:00s2020-02-27v1282.50yBB